[Event "11th WUCC Women"]
[Site "Zuerich SUI"]
[Date "2010.09.10"]
[Round "7"]
[White "Lestari,B"]
[Black "Kharashuta,E"]
[Result "0-1"]
[WhiteElo "2177"]
[BlackElo "2298"]

1.e4 d6 2.d4 Nf6 3.Nc3 e5 4.Nf3 Nbd7 5.Bc4 Be7 6.O-O O-O 7.Re1 c6 8.a4 b6
9.Bg5 a6 10.Qd2 Bb7 11.Rad1 b5 12.Bf1 Qc7 13.dxe5 dxe5 14.Nh4 Rfd8 15.Nf5 Nc5
16.Qe3 Ne6 17.Bh4 Nf4 18.Qg3 Ng6 19.Bg5 b4 20.Rxd8+ Bxd8 21.Nb1 c5 22.f3 Qd7
23.Bc4 Bc6 24.b3 Nh5 25.Qg4 Bxg5 26.Qxh5 Be7 27.Qg4 a5 28.g3 Bf6 29.h4 Kh8
30.Qh5 Rf8 31.Be2 Rd8 32.Bd3 Nf8 33.Nd2 g6 34.Qh6 Ne6 35.Nc4 Qc7 36.Nce3 Rd7
37.Ng4 Qd8 38.Bc4 Kg8 39.Nxf6+ Qxf6 40.Rf1 Qd8 41.Ne3 Nd4 42.h5 Rd6 43.hxg6 Rxg6
44.Qh3 Qg5 45.Kf2 Nxc2 46.f4 exf4 47.gxf4 Qxf4+ 48.Ke2 Qxe3+ 49.Qxe3 Nxe3
50.Kxe3 Rg3+ 51.Kf4 Rg6 52.Rh1 Kg7 53.Rh5 Rh6 54.Rxc5 Bd7 55.Rg5+ Kf6 56.Rxa5 Rh4+
57.Ke3 h5 58.Ra6+ Ke5 59.Ra5+ Kf6 60.Ra7 Be6 61.Bxe6 fxe6 62.Rb7 Rh3+ 63.Kd4 Rxb3
64.a5 Ra3 65.Rb5 h4 66.a6 Rxa6 67.Rh5 b3 68.Kc3 Rb6 69.Kb2 Rb4 70.Rxh4 Ke5
71.Rh5+ Kd4 72.Rh6 e5 73.Rh5 Rb8 74.Rh4 Rb6 75.Rg4 Ke3 76.Rh4 Kf3 77.Kc1 b2+
78.Kb1 Rb7 79.Rh2 Kxe4 80.Re2+ Kd4 81.Rd2+ Ke3  0-1

[Event "11th WUCC Women"]
[Site "Zuerich SUI"]
[Date "2010.09.10"]
[Round "7"]
[White "Severiukhina,Z"]
[Black "Stojanovic,Andj"]
[Result "1/2-1/2"]
[WhiteElo "2313"]
[BlackElo "2337"]

1.e4 d6 2.d4 Nf6 3.Nc3 e5 4.Nf3 exd4 5.Nxd4 Be7 6.Qf3 O-O 7.Nf5 Nc6 8.Nxe7+ Qxe7
9.Bg5 Ne5 10.Qg3 c6 11.Be2 Re8 12.h4 Ng6 13.h5 Nxe4 14.Bxe7 Nxg3 15.hxg6 Nxh1
16.gxf7+ Kxf7 17.Bxd6 Bg4 18.f3 Rad8 19.O-O-O Bf5 20.Rd2 b5 21.g4 Bg6 22.a4 a6
23.axb5 axb5 24.Bh2 Nf2 25.Bg3 Nh3 26.f4 Rxd2 27.Kxd2 Be4 28.Nxe4 Rxe4 29.Bd3 Rxf4
30.Bxf4 Nxf4 31.Be4 Nd5 32.Kd3 Ke6 33.Bxh7 Ke5 34.Bf5 c5 35.b3 Nb4+ 36.Kc3 Nd5+
37.Kd3 Nb4+ 38.Kc3 Nc6 39.Bd7 Nd4 40.Kd3 g5 41.b4 cxb4 42.Be8 Kd5 43.Bf7+ Kc5
44.Bg8 Nf3 45.Ke4 Ne1 46.Bb3 Kd6 47.Kf5 Nf3 48.Ke4 Nd2+ 49.Kf5 Nf3 50.Ke4 Nd2+  1/2-1/2

[Event "5th XtraCon Open"]
[Site "Borup DEN"]
[Date "2010.09.11"]
[Round "8"]
[White "Sorensen,D"]
[Black "Baekgaard,M"]
[Result "0-1"]
[WhiteElo "1966"]
[BlackElo "2276"]

1.e4 d6 2.d4 Nf6 3.Nc3 Nbd7 4.Nf3 e5 5.Bc4 Be7 6.Bxf7+ Kxf7 7.Ng5+ Kg8 8.Ne6 Qe8
9.Nxc7 Qg6 10.O-O Rb8 11.N7d5 Bf8 12.f3 h5 13.Be3 b6 14.Qd2 h4 15.a4 h3 16.g3 a6
17.b3 Bb7 18.dxe5 dxe5 19.Nxb6 Nxb6 20.Bxb6 Nxe4 21.fxe4 Qxb6+ 22.Kh1 Bb4
23.Qd7 Bxc3 24.Qf7+ Kh7 25.Qh5+ Qh6 26.Qf5+ Qg6 27.Qxh3+ Kg8  0-1

[Event "ch-ESP"]
[Site "El Sauzal ESP"]
[Date "2010.09.11"]
[Round "8"]
[White "Molina Rodriguez,B"]
[Black "Del Rey,D"]
[Result "1/2-1/2"]
[WhiteElo "2058"]
[BlackElo "2396"]

1.e4 d6 2.d4 Nf6 3.Nc3 Nbd7 4.Nf3 e5 5.Bc4 Be7 6.O-O O-O 7.Re1 c6 8.a4 b6
9.Ba2 a6 10.h3 Rb8 11.Be3 b5 12.axb5 axb5 13.b4 Qc7 14.Bb3 Nb6 15.Qd3 Bd7
16.dxe5 dxe5 17.Bc5 Bxc5 18.bxc5 Nc4 19.Bxc4 bxc4 20.Qxc4 Be6 21.Qe2 Nh5
22.Red1 Nf4 23.Qe3 Rfd8 24.Rxd8+ Rxd8 25.Rd1 Rxd1+ 26.Nxd1 f6 27.Qd2 Kf8
28.Ne3 Ke7 29.Ne1 Qd7 30.Qxd7+ Kxd7 31.Kf1 Kc7 32.Nd3 Nxd3 33.cxd3 Kb7 34.Ke2 Ka6
35.Kd2 Kb5 36.Kc3 Kxc5 37.h4 h5 38.g3 g5 39.Ng2 g4 40.Ne3 Kb5 41.Nc2 f5 42.Ne3 fxe4
43.dxe4 Kc5 44.Nf1 Bf7 45.Nd2 Bg6 46.f3 gxf3 47.Nxf3 Bxe4 48.Nxe5 Kd5 49.Nd7 Ke6
50.Nc5+ Ke5 51.Nd7+ Kf5 52.Kd4 Bf3 53.Ke3 Bd1 54.Nc5 Bc2 55.Kd2 Bb1 56.Ke3 Ke5
57.Nd7+ Ke6 58.Nc5+ Kf5 59.Nd7 Bc2 60.Nc5 Ke5 61.Nd7+ Ke6 62.Nc5+ Kd5 63.Nd7 Bd1
64.Nb6+ Ke5 65.Nc4+  1/2-1/2

[Event "TCh-CRO Women"]
[Site "Sibenik CRO"]
[Date "2010.09.11"]
[Round "8"]
[White "Samanic,Verena"]
[Black "Srebrnic,A"]
[Result "0-1"]
[WhiteElo "1576"]
[BlackElo "2227"]

1.e4 d6 2.d4 Nf6 3.Nc3 Nbd7 4.Bc4 e5 5.d5 Be7 6.Nge2 O-O 7.O-O c5 8.Ng3 a6
9.a4 Ne8 10.Nf5 Bf6 11.f4 exf4 12.Bxf4 Ne5 13.Bxe5 Bxe5 14.Qd3 g6 15.Ne3 Qh4
16.g3 Qg5 17.Rf3 Bh3 18.Ng2 Nf6 19.Qe3 Bd4 20.Rd1 Bxe3+ 21.Nxe3 Ng4 22.Re1 Ne5  0-1

[Event "TCh-CRO Gp1B"]
[Site "Sibenik CRO"]
[Date "2010.09.11"]
[Round "8"]
[White "Biti,O"]
[Black "Dimitrijevic,Da"]
[Result "1-0"]
[WhiteElo "2370"]
[BlackElo "2262"]

1.e4 d6 2.d4 Nf6 3.Nc3 c6 4.f4 Qa5 5.Bd3 e5 6.Nf3 Bg4 7.Be3 d5 8.fxe5 Nxe4
9.O-O Nxc3 10.Qe1 c5 11.bxc3 c4 12.Be2 h6 13.Nh4 Be6 14.Rb1 Qc7 15.Nf5 Nc6
16.Qh4 b6 17.Rbe1 Na5 18.Rf2 Kd7 19.Bg4 Kc6 20.Ref1 g6 21.Nd6 f5 22.Qf6 Bxd6
23.Qxe6 fxg4 24.Rf6 Nb7 25.Qxg4  1-0

[Event "e2e4 Open"]
[Site "Sunningdale ENG"]
[Date "2010.09.11"]
[Round "4"]
[White "Eggleston,D"]
[Black "Mangione,C"]
[Result "1-0"]
[WhiteElo "2341"]
[BlackElo "2074"]

1.e4 d6 2.d4 Nf6 3.Nc3 Nbd7 4.Nf3 e5 5.Bc4 Be7 6.O-O O-O 7.Re1 a6 8.a4 b6
9.Bg5 c6 10.Qd2 Qc7 11.Nh4 Re8 12.Nf5 Bf8 13.Bb3 Bb7 14.Rad1 Rad8 15.Re3 exd4
16.Qxd4 c5 17.Qd2 c4 18.Ba2 Bxe4 19.Nxe4 Rxe4 20.Rxe4 Nxe4 21.Bxd8 Qxd8 22.Qf4 Ndf6
23.Bxc4 d5 24.Bxd5  1-0

[Event "11th WUCC Women"]
[Site "Zuerich SUI"]
[Date "2010.09.11"]
[Round "9"]
[White "Lkhamsuren,U"]
[Black "Stojanovic,Andj"]
[Result "1/2-1/2"]
[WhiteElo "2206"]
[BlackElo "2337"]

1.e4 d6 2.d4 Nf6 3.Nc3 e5 4.Nf3 exd4 5.Nxd4 Be7 6.Bc4 O-O 7.O-O c6 8.a4 Re8
9.Bg5 h6 10.Bf4 Bf8 11.Qf3 Nbd7 12.Bb3 Ne5 13.Qe2 Ng6 14.Bg3 Nxe4 15.Bxf7+ Kxf7
16.Nxe4 d5 17.Qf3+ Kg8 18.Nc3 Qf6 19.Qd3 Nf4 20.Qd2 Nh5 21.Rfe1 Bd7 22.Nf3 Nxg3
23.hxg3 Bg4 24.Qd4 Qxd4 25.Nxd4 Bc5 26.Nce2 Re4 27.c3 Rae8 28.Kf1 Bc8 29.f3 R4e7
30.b4 Bd6 31.Nf4 g5 32.Nfe2 Kf7 33.a5 Bd7 34.Kf2 Kf6 35.g4 Bc7 36.Rh1 Kg6
37.Ng3 Bxg3+ 38.Kxg3 Re3 39.Rac1 b6 40.axb6 axb6 41.Nf5 Bxf5 42.gxf5+ Kxf5
43.Rxh6 R8e6 44.Rxe6 Rxe6 45.Kf2 c5 46.bxc5 bxc5 47.g3 Rh6 48.Ke3 Rh3 49.g4+ Ke5
50.Rd1 Rh2 51.Re1 Ra2 52.f4+ gxf4+ 53.Kf3+ Kd6 54.Kxf4 Ra4+ 55.Kf5 Rc4 56.Re6+ Kd7
57.Re5 Kd6 58.Re6+ Kd7 59.Re5 Kd6  1/2-1/2

[Event "11th WUCC Women"]
[Site "Zuerich SUI"]
[Date "2010.09.11"]
[Round "9"]
[White "Yanjindulam,D"]
[Black "Kharashuta,E"]
[Result "0-1"]
[WhiteElo "2212"]
[BlackElo "2298"]

1.e4 d6 2.d4 Nf6 3.Nc3 e5 4.Nf3 Nbd7 5.g4 h6 6.g5 hxg5 7.Nxg5 exd4 8.Qxd4 Ne5
9.Be2 Nh7 10.Nxh7 Rxh7 11.Bf4 Ng6 12.Bg3 Be7 13.O-O-O Bf6 14.e5 Bxe5 15.Bxe5 Nxe5
16.Rhe1 Be6 17.Bb5+ Nc6 18.f4 Kf8 19.Qd2 Rh5 20.Rg1 Qh4 21.Rg2 Rf5 22.Rf1 Ne7
23.Bd3 Ra5 24.a3 Bh3 25.Nb5 Bxg2 26.Qxg2 Rxb5 27.Bxb5 c6 28.Bd3 Nd5 29.Qd2 Re8
30.Kb1 Qh3 31.Ka2 Qe3 32.Qa5 Nxf4 33.Bc4 d5 34.Bb3 Ne6 35.Qb4+ Nc5 36.Qh4 Kg8
37.Qh5 g6 38.Qh4 a5 39.Qf6 Qe7 40.Qd4 b5 41.c3 Nxb3 42.Kxb3 Qe4 43.Qf6 Qc4+
44.Kc2 d4 45.Rf2 Re2+ 46.Rxe2 Qxe2+ 47.Kb3 dxc3 48.Qd8+ Kh7 49.bxc3 a4+ 50.Kb4 Qc4+
51.Ka5 Qxc3+ 52.Ka6 Qxa3 53.Qh4+ Kg8 54.Qe4 Qc3 55.h4 Qf6 56.h5 gxh5 57.Qg2+ Qg6
58.Qe2 a3 59.Qa2 b4 60.Kb6 Qe4 61.Qb3 Qd4+ 62.Ka6 Qc3 63.Qd1 a2 64.Qxh5 a1=Q+
65.Kb7 Qg7  0-1

[Event "5th XtraCon Open"]
[Site "Borup DEN"]
[Date "2010.09.12"]
[Round "9"]
[White "Hansen,LH"]
[Black "Schmidt,Ho DEN"]
[Result "0-1"]
[WhiteElo "2039"]
[BlackElo "1869"]

1.e4 d6 2.d4 Nf6 3.Nc3 c6 4.Bd3 e5 5.Nge2 Be7 6.f4 Bg4 7.dxe5 dxe5 8.O-O Qb6+
9.Kh1 exf4 10.Rxf4 Nbd7 11.h3 Bxe2 12.Qxe2 Ne5 13.Bc4 Nxc4 14.Qxc4 Rd8 15.Rf3 Qd4
16.Qe2 O-O 17.Bg5 Qe5 18.Rf5 Qe6 19.Raf1 b5 20.Qf3 Nd7 21.Ne2 Ne5 22.Qg3 f6
23.Be3 Ng6 24.Qg4 Ne5 25.Qg3 Bd6 26.Nd4 Qxa2 27.Rh5 Qf7 28.Nf5 Qg6 29.Qh4 Nc4
30.Bg1 Rfe8 31.Bh2 Bxh2 32.Kxh2 Rd2 33.Rg1 Re2 34.Ng3 Re3 35.Rf5 Nd6 36.Rf4 Nxe4
37.Rg4 Ng5 38.Rd1 Qxc2 39.Rd7 Nf3+  0-1

[Event "FSIMA September"]
[Site "Budapest HUN"]
[Date "2010.09.14"]
[Round "11"]
[White "Turzo,A"]
[Black "Sagar,S"]
[Result "0-1"]
[WhiteElo "2331"]
[BlackElo "2304"]

1.e4 d6 2.d4 Nf6 3.Nc3 e5 4.Nf3 Nbd7 5.Bc4 Be7 6.O-O O-O 7.Re1 c6 8.a4 h6
9.b3 Re8 10.Bb2 Qc7 11.h3 Nf8 12.Bf1 Ng6 13.g3 Nh7 14.Bg2 Ng5 15.Nxg5 Bxg5
16.Ne2 Nf8 17.f4 exf4 18.gxf4 Bh4 19.Rf1 d5 20.e5 Bf5 21.c4 Qd7 22.Kh2 Ng6
23.cxd5 cxd5 24.Nc3 Bd8 25.Nxd5 Nh4 26.Ne3 Nxg2 27.Nxf5 Qxf5 28.Kxg2 Rc8
29.Rc1 Bh4 30.Bc3 Re6 31.Rf3 Rg6+ 32.Kf1 Bg3 33.Qd3 Qxh3+ 34.Ke2 Qg2+ 35.Kd1 Rg4
36.Bd2 Rd8 37.d5 Qh1+ 38.Kc2 Rc8+ 39.Kb2 Rxc1 40.Bxc1 Be1 41.d6 Rg2+ 42.Kb1 Ba5
43.d7 Bd8 44.Rf1 Qh5 45.Rd1 Qg4 46.Rd2 Rxd2 47.Bxd2 h5 48.f5 h4 49.Qc2 h3
50.Qc8 h2 51.Qxd8+ Kh7 52.Ka2 h1=Q 53.Qc8 Qd5 54.Ka3 Qxd2  0-1

[Event "Open"]
[Site "Livigno ITA"]
[Date "2010.09.14"]
[Round "5"]
[White "Chytilek,R"]
[Black "Lazic,Mir"]
[Result "0-1"]
[WhiteElo "2368"]
[BlackElo "2502"]

1.d4 d6 2.e4 Nf6 3.Nc3 e5 4.Nge2 c6 5.a4 Be7 6.g3 exd4 7.Nxd4 d5 8.Bg2 dxe4
9.Nxe4 Nxe4 10.Bxe4 Bf6 11.Nf5 Qxd1+ 12.Kxd1 O-O 13.c3 Na6 14.Be3 g6 15.Nh4 Re8
16.Bf3 g5 17.Ng2 Bf5 18.h4 h6 19.hxg5 hxg5 20.g4 Bg6 21.Ne1 Nc7 22.Ke2 Ne6
23.Kf1 Be5 24.Ng2 Rad8 25.a5 a6 26.Rd1 Bc7 27.b4 Be5 28.Rc1 Rd3 29.c4 Rb3
30.b5 axb5 31.cxb5 Bd3+ 32.Be2 Bxb5 33.Bxb5 Rxb5 34.a6 bxa6 35.Rxc6 Rb1+
36.Rc1 Rb4 37.f3 a5 38.Bd2 Rb3 39.Ne1 a4 40.Rc4 Ra8  0-1

[Event "Open"]
[Site "Livigno ITA"]
[Date "2010.09.14"]
[Round "5"]
[White "Valsecchi,A"]
[Black "Umanec,F"]
[Result "1-0"]
[WhiteElo "2331"]
[BlackElo "2206"]

1.e4 d6 2.d4 Nf6 3.Nc3 e5 4.Nf3 Nbd7 5.Bc4 Be7 6.O-O O-O 7.Re1 c6 8.a4 a5
9.h3 Nb6 10.Ba2 Nfd7 11.Ne2 Nxa4 12.c3 b5 13.Ng3 c5 14.Nf5 c4 15.Bb1 Nab6
16.Be3 Re8 17.dxe5 dxe5 18.Nxe5 Nxe5 19.Nxe7+ Qxe7 20.Bxb6 Ra6 21.Bd4 Rg6
22.Re3 Nc6 23.e5 Rh6 24.Be4 Qc7 25.f4 Rd8 26.Qd2 b4 27.f5 Rh4 28.Bxc6 Qxc6
29.Rg3 h6 30.e6 f6 31.Rxg7+ Kxg7 32.Bxf6+ Kxf6 33.Qxd8+ Kxf5 34.Qxh4  1-0

[Event "WCh w Blitz Quarter-Final"]
[Site "Moscow RUS"]
[Date "2010.09.14"]
[Round "1"]
[White "Sharapova,A"]
[Black "Fatianova,T"]
[Result "0-1"]
[WhiteElo "2024"]
[BlackElo "2289"]

1.e4 d6 2.d4 Nf6 3.Nc3 e5 4.dxe5 dxe5 5.Qxd8+ Kxd8 6.Bg5 Be6 7.O-O-O+ Nd7
8.f4 exf4 9.Nf3 Kc8 10.Bxf4 Bc5 11.Bb5 h6 12.Kb1 c6 13.Be2 Ng4 14.Rhf1 Ne3
15.Bxe3 Bxe3 16.Nd4 Bxd4 17.Rxd4 Ne5 18.h3 Kc7 19.Rfd1 Rhe8 20.h4 Re7 21.Bf3 Rae8
22.Ne2 Ng4 23.Nf4 Bc8 24.Re1 Ne5 25.Ra4 Kb8 26.Ra3 Nc4 27.Rc3 Nd2+ 28.Ka1 Nxe4
29.Rce3 f5 30.g4 Kc7 31.gxf5 Bxf5 32.Bxe4 Bxe4 33.Ne2 Bxc2 34.Rxe7+ Rxe7
35.Rc1 Bd3 36.Nd4  0-1

[Event "WCh w Blitz Quarter-Final"]
[Site "Moscow RUS"]
[Date "2010.09.14"]
[Round "2"]
[White "Dibirova,U"]
[Black "Fominykh,M"]
[Result "0-1"]
[WhiteElo "1871"]
[BlackElo "2305"]

1.e4 d6 2.d4 Nf6 3.Nc3 e5 4.Be3 Ng4 5.Nf3 Nxe3 6.fxe3 Nd7 7.Bd3 g6 8.Qe2 c6
9.h3 Bh6 10.g4 Qb6 11.g5 Qxb2 12.Kd2 Bg7 13.Rab1 Qa3 14.h4 h5 15.gxh6 Bxh6
16.Ng5 exd4 17.exd4 f6 18.e5 dxe5 19.Bxg6+ Kd8 20.dxe5 fxg5 21.e6 Qd6+ 22.Ke1 Qa3
23.Kd1 Qd6+  0-1

[Event "WCh w Blitz Quarter-Final"]
[Site "Moscow RUS"]
[Date "2010.09.14"]
[Round "11"]
[White "Meshcheriakova,E"]
[Black "Fatianova,T"]
[Result "1-0"]
[WhiteElo "2260"]
[BlackElo "2289"]

1.e4 d6 2.d4 Nf6 3.Nc3 e5 4.Nf3 Nbd7 5.Bc4 Be7 6.O-O O-O 7.Re1 c6 8.a4 a5
9.Ba2 Qc7 10.h3 h6 11.Be3 Nh7 12.Qd2 Bf6 13.Rad1 Re8 14.Nh2 Bg5 15.dxe5 Bxe3
16.Rxe3 dxe5 17.Rg3 Kf8 18.Ng4 Ndf6 19.Nxh6 gxh6 20.Qxh6+ Ke7 21.Bxf7 Be6
22.Bxe8 Rxe8 23.Rg7+ Bf7 24.Rxh7 Nxh7 25.Qxh7 Rg8 26.Qh4+ Ke8 27.Qf6 Rg6
28.Qf5 Re6 29.Rd3 Bg6 30.Qxe6+  1-0

[Event "WCh w Blitz Semi-Final"]
[Site "Moscow RUS"]
[Date "2010.09.15"]
[Round "12"]
[White "Kharmunova,N"]
[Black "Fominykh,M"]
[Result "0-1"]
[WhiteElo "2121"]
[BlackElo "2305"]

1.e4 d6 2.d4 Nf6 3.Nc3 e5 4.Nf3 Nbd7 5.Be3 c6 6.Qd2 Be7 7.g3 O-O 8.O-O-O b5
9.Kb1 b4 10.Na4 Nxe4 11.Qxb4 d5 12.Qe1 exd4 13.Nxd4 Qc7 14.f3 Nef6 15.Nf5 Re8
16.Bf4 Qd8 17.Qc3 Bb7 18.Bd3 Bf8 19.g4 c5 20.Nd6 Bxd6 21.Bxd6 d4 22.Qd2 Bxf3
23.Nxc5 Nxc5 24.Bxc5 Bxh1 25.Bxd4 Be4 26.Bc3 Bxd3 27.cxd3 Nd5 28.Bd4 Qe7
29.Qa5 Qe2 30.Rd2 Qe1+ 31.Kc2 Re2  0-1

[Event "WCh w Blitz Semi-Final"]
[Site "Moscow RUS"]
[Date "2010.09.15"]
[Round "15"]
[White "Muzychuk,M"]
[Black "Zhu Chen"]
[Result "0-1"]
[WhiteElo "2464"]
[BlackElo "2480"]

1.e4 d6 2.d4 Nf6 3.Nc3 e5 4.Nf3 Nbd7 5.Bc4 Be7 6.O-O O-O 7.Re1 c6 8.a4 a5
9.h3 Nb6 10.Bb3 Nfd7 11.Be3 exd4 12.Qxd4 Nc5 13.Rad1 Be6 14.Bxe6 fxe6 15.e5 d5
16.Qg4 Qe8 17.Ng5 h5 18.Qe2 Qg6 19.h4 Nbxa4 20.Nxa4 Nxa4 21.g4 Nxb2 22.Rb1 Nc4
23.Rxb7 Bxg5 24.Bxg5 hxg4 25.Qxg4 Rf7 26.Reb1 a4 27.Rb8+ Rxb8 28.Rxb8+ Kh7
29.h5 Qf5 30.Qg3 Nxe5 31.Kg2 Qe4+ 32.Kh3 Rf3 33.h6 Qg4+  0-1

[Event "Open"]
[Site "Livigno ITA"]
[Date "2010.09.16"]
[Round "7"]
[White "Bertagnolli,A"]
[Black "Lazic,Mir"]
[Result "1/2-1/2"]
[WhiteElo "2395"]
[BlackElo "2502"]

1.e4 d6 2.d4 Nf6 3.Nc3 e5 4.dxe5 dxe5 5.Qxd8+ Kxd8 6.Bc4 Ke8 7.Nf3 Bd6 8.Be3 a6
9.a4 Nc6 10.Ng5 Nd8 11.Nd5 Nd7 12.f3 f6 13.Nh3 c6 14.Nb6 Nxb6 15.Bxb6 Be6
16.O-O-O Ke7 17.Bxd8+ Rhxd8 18.Bxe6 Kxe6 19.Nf2 Bc5 20.Rxd8 Rxd8 21.Nd3 Bd4
22.c3 Be3+  1/2-1/2

[Event "WCh w Blitz Semi-Final"]
[Site "Moscow RUS"]
[Date "2010.09.16"]
[Round "17"]
[White "Pustovoitova,D"]
[Black "Fominykh,M"]
[Result "1/2-1/2"]
[WhiteElo "2333"]
[BlackElo "2305"]

1.e4 d6 2.d4 Nf6 3.Nc3 e5 4.dxe5 dxe5 5.Qxd8+ Kxd8 6.Bc4 Ke8 7.Nf3 Bd6 8.Ng5 Rf8
9.Be3 h6 10.Nf3 Ng4 11.Bd2 Nd7 12.h3 Ngf6 13.Be3 Bb4 14.Nd2 Nb6 15.Bb3 c6
16.f3 Ke7 17.Ne2 Be6 18.Bxe6 Kxe6 19.c3 Bd6 20.O-O-O h5 21.g3 Nfd7 22.f4 g6
23.b3 Bc5 24.Bxc5 Nxc5 25.Kc2 f6 26.b4 Ncd7 27.Rhf1 a5 28.a3 axb4 29.axb4 Ra3
30.Nc1 Rfa8 31.f5+ Kf7 32.fxg6+ Kxg6 33.Rf3 Rf8 34.Ndb3 Raa8 35.Rd6 Rf7 36.Nd2 Nc8
37.Rdd3 Ndb6 38.Rd8 Ne7 39.Rxa8 Nxa8 40.Ndb3 Nc8 41.Nc5 b6 42.N5d3 Nd6 43.Nf2 Nc7
44.Nb3 Ne6 45.Nd2 Ng5 46.Rd3 Nb5 47.Rd8 Rb7 48.Rc8 Ne6 49.Nb3 Na3+ 50.Kc1 Rc7
51.Re8 Kf7 52.Rh8 Kg6 53.Rb8 Nc4 54.Re8 Kf7  1/2-1/2

[Event "WCh w Blitz Semi-Final"]
[Site "Moscow RUS"]
[Date "2010.09.16"]
[Round "20"]
[White "Meshcheriakova,E"]
[Black "Fominykh,M"]
[Result "0-1"]
[WhiteElo "2260"]
[BlackElo "2305"]

1.e4 d6 2.d4 Nf6 3.Nc3 e5 4.Nf3 Nbd7 5.Bc4 Be7 6.O-O O-O 7.Re1 c6 8.a4 a5
9.h3 Nb6 10.Bb3 Nfd7 11.Be3 exd4 12.Nxd4 Nc5 13.Bf4 Be6 14.Nxe6 fxe6 15.Qg4 d5
16.exd5 exd5 17.Rad1 Bf6 18.Be3 Nbd7 19.Ba2 Kh8 20.Bd4 Bxd4 21.Qxd4 Qg5 22.Re3 Rae8
23.Rde1 Rxe3 24.Rxe3 Qf6 25.Qxf6 Nxf6 26.Re7 Re8 27.Rxe8+ Nxe8 28.b3 Nd6
29.Ne2 Kg8 30.c3 Kf8 31.Kf1 Nde4 32.Ke1 Nd3+ 33.Kf1 Ndxf2 34.Bb1 Kf7 35.Ke1 Ke7
36.Nd4 g6 37.Bc2 Kd6 38.b4 axb4 39.cxb4 Nh1 40.Bd1 Nhg3 41.Bc2 Nc3 42.Kf2 Nge4+
43.Ke3 Ke5 44.Nf3+ Kd6 45.Nd4 Nf6 46.Kd2 Nce4+ 47.Ke3 Ng5 48.Kf4 Ne6+ 49.Nxe6 Kxe6
50.b5 c5 51.a5 Ne8 52.b6 Nd6 53.Ba4 d4 54.Kf3 c4 55.Ke2 Kd5 56.Bd7 d3+ 57.Kd2 Kd4
58.a6 bxa6 59.Bc6 c3+ 60.Kd1 c2+  0-1

[Event "WCh w Blitz Semi-Final"]
[Site "Moscow RUS"]
[Date "2010.09.16"]
[Round "23"]
[White "Fatianova,T"]
[Black "Fominykh,M"]
[Result "1/2-1/2"]
[WhiteElo "2289"]
[BlackElo "2305"]

1.e4 d6 2.d4 Nf6 3.Nc3 e5 4.dxe5 dxe5 5.Qxd8+ Kxd8 6.Bc4 Ke8 7.f3 c6 8.Be3 Nbd7
9.Nh3 Bc5 10.Ke2 Bxe3 11.Kxe3 h6 12.Nf2 Ke7 13.a4 a5 14.Rad1 Nc5 15.Rd2 Be6
16.Bxe6 Nxe6 17.Rhd1 Rhd8  1/2-1/2

[Event "WCh w Blitz Semi-Final"]
[Site "Moscow RUS"]
[Date "2010.09.16"]
[Round "23"]
[White "Gvetadze,Sopi"]
[Black "Drozdova,D"]
[Result "1-0"]
[WhiteElo "2352"]
[BlackElo "2199"]

1.e4 d6 2.d4 Nf6 3.Nc3 e5 4.Nge2 Be7 5.g3 O-O 6.Bg2 c6 7.a4 Nbd7 8.h3 Re8
9.Be3 Bf8 10.O-O a5 11.g4 g6 12.Ng3 Kh8 13.f4 Bg7 14.Qd2 Qe7 15.Rae1 Ng8
16.g5 Qd8 17.fxe5 dxe5 18.Rxf7 exd4 19.Bxd4 Ne5 20.Rxg7 Kxg7 21.Bxe5+ Kf7
22.Rf1+ Ke7 23.Qf2 Rf8 24.Qc5+  1-0

[Event "WCh w Blitz Semi-Final"]
[Site "Moscow RUS"]
[Date "2010.09.16"]
[Round "25"]
[White "Pustovoitova,D"]
[Black "Fatianova,T"]
[Result "1/2-1/2"]
[WhiteElo "2333"]
[BlackElo "2289"]

1.e4 d6 2.d4 Nf6 3.Nc3 e5 4.dxe5 dxe5 5.Qxd8+ Kxd8 6.Bc4 Bb4 7.Bd2 Ke7 8.Nf3 Nbd7
9.Nb5 Bxd2+ 10.Nxd2 c6 11.Nc3 a5 12.a4 Nc5 13.f3 Be6 14.Bxe6 Nxe6 15.Nc4 Nd7  1/2-1/2

[Event "Open"]
[Site "Livigno ITA"]
[Date "2010.09.17"]
[Round "8"]
[White "Trens,Y"]
[Black "Umanec,F"]
[Result "0-1"]
[WhiteElo "2086"]
[BlackElo "2206"]

1.e4 d6 2.d4 Nf6 3.Nc3 e5 4.Nf3 Nbd7 5.Bc4 Be7 6.O-O O-O 7.Re1 c6 8.a4 a5
9.b3 Qc7 10.Bb2 Nb6 11.Bf1 Bg4 12.dxe5 dxe5 13.Bd3 Nfd7 14.Qe2 Nc5 15.Qe3 Rad8
16.Red1 Ne6 17.Ba3 Bxa3 18.Rxa3 Nd4 19.Ne2 Bxf3 20.gxf3 Qe7 21.Raa1 Qg5+
22.Qxg5 Nxf3+ 23.Kg2 Nxg5 24.Ng3 Ne6 25.Kf3 Rd7 26.Ke3 Rfd8 27.Nh5 Kf8 28.Rg1 f6
29.Be2 Nd4 30.Bd3 Ne6 31.Be2 Kf7 32.Bg4 g6 33.Ng3 Rd2 34.Rad1 Rxd1 35.Bxd1 Nf4
36.h4 h5 37.Be2 Rd6 38.Nf1 Ne6 39.Nd2 Nd4 40.Bd3 Rd8 41.Rg2 Kg7 42.Rg1 Kh6
43.Rh1 Ne6 44.Bc4 Nf4 45.Rg1 Rd4 46.Bd3 Nd7 47.Nf3 Rd6 48.Nd2 Nxd3 49.cxd3 Nc5
50.Rc1 Rxd3+ 51.Ke2 Rxd2+  0-1

[Event "Open"]
[Site "Livigno ITA"]
[Date "2010.09.18"]
[Round "9"]
[White "Yudkovsky,Y"]
[Black "Lazic,Mir"]
[Result "1-0"]
[WhiteElo "2315"]
[BlackElo "2502"]

1.e4 d6 2.d4 Nf6 3.Nc3 e5 4.Nf3 Nbd7 5.Bc4 Be7 6.O-O O-O 7.Re1 c6 8.a4 a5
9.h3 exd4 10.Nxd4 Nc5 11.Bf4 Qb6 12.Qd2 Ne8 13.b3 Be6 14.Nd5 Qd8 15.Nxe7+ Qxe7
16.Nxe6 fxe6 17.Rad1 Qf7 18.Bxd6 Nxd6 19.Qxd6 Qxf2+ 20.Kh1 Rad8 21.Bxe6+ Nxe6
22.Qxe6+ Kh8 23.Qe7 Rde8 24.Qxb7 Qxc2 25.Rc1 Qb2 26.Qxc6 Qxb3 27.e5 h6 28.e6 Re7
29.Rc3 Qb4 30.Rce3 Rf4 31.Qc8+ Kh7 32.Qc2+ Kg8 33.Re4 Rxe4 34.Rxe4 Qd6 35.Qc4 Kh7
36.Qe2 Qa3 37.Qc2 Qa1+ 38.Re1+  1-0

[Event "TCh-FIN 2010-11"]
[Site "Tampere FIN"]
[Date "2010.09.18"]
[Round "1.6"]
[White "Kytoniemi,J"]
[Black "Porrasmaa,T"]
[Result "1-0"]
[WhiteElo "2259"]
[BlackElo "2116"]

1.d4 d6 2.e4 Nf6 3.Nc3 e5 4.Nge2 Nc6 5.f3 Be7 6.Be3 O-O 7.d5 Nb8 8.Ng3 c6
9.Qd2 cxd5 10.Nxd5 Nxd5 11.Qxd5 Nc6 12.Qd2 Be6 13.c4 Rc8 14.Kf2 g6 15.Bd3 f5
16.exf5 gxf5 17.Bh6 Qb6+ 18.Be3 Nd4 19.Ne2 Bxc4 20.Bxc4+ Rxc4 21.Rhc1 d5
22.f4 Bc5 23.b3 Rxc1 24.Rxc1 Ne6 25.Rxc5 d4 26.Rxe5 dxe3+ 27.Qxe3 Rf6 28.Qxb6 axb6
29.Ke3 Kf7 30.Nd4 Ng7 31.g3 Kf8 32.a4 Kf7 33.Kd3 Rd6 34.Kc4 Kf6 35.Rd5 Ke7
36.Nxf5+  1-0

[Event "EYCC Girls U16"]
[Site "Batumi GEO"]
[Date "2010.09.20"]
[Round "1"]
[White "Langnerova,K"]
[Black "Rakhmangulova,A"]
[Result "0-1"]
[WhiteElo "1868"]
[BlackElo "2153"]

1.e4 d6 2.d4 Nf6 3.Nc3 c6 4.f4 Qa5 5.Bd3 e5 6.Nf3 Bg4 7.O-O exd4 8.Ne2 c5
9.e5 Nfd7 10.Ng5 h6 11.e6 hxg5 12.exd7+ Nxd7 13.Bc4 gxf4 14.Rxf4 Be6 15.Bxe6 fxe6
16.Re4 e5 17.Nf4 Nf6 18.Re1 O-O-O 19.Ng6 Rh7 20.Bg5 Qc7 21.Rf1 Qf7 22.Bxf6 gxf6
23.Qg4+ Kc7 24.Qf5 Rh6 25.Nxf8 Rxf8 26.Rae1 Qd7 27.Re2 Rg8 28.Ref2 Rhg6 29.g3 Qf7
30.Qe4 Qe6 31.Rxf6 Rxg3+ 32.hxg3 Rxg3+ 33.Qg2 Rxg2+ 34.Kxg2 Qg4+ 35.Kf2 e4
36.Ke1 d3 37.cxd3 exd3 38.R1f2 Qb4+ 39.Kd1 c4 40.R6f4 b5 41.b3 Qc3 42.bxc4 bxc4
43.Rf7+ Kc6  0-1

[Event "EYCC Girls U16"]
[Site "Batumi GEO"]
[Date "2010.09.21"]
[Round "2"]
[White "Rakhmangulova,A"]
[Black "Schaefer,D"]
[Result "1-0"]
[WhiteElo "2153"]
[BlackElo "1935"]

1.e4 d6 2.d4 Nf6 3.Nc3 e5 4.Nf3 Nbd7 5.Bc4 Be7 6.O-O O-O 7.a4 a6 8.h3 b6
9.Qe2 c6 10.Rd1 Qc7 11.Nh4 exd4 12.Rxd4 Ne5 13.Ba2 Be6 14.f4 Ned7 15.Be3 Nc5
16.Nf5 Bxf5 17.exf5 d5 18.g4 Nfe4 19.Nxe4 Nxe4 20.Rdd1 Rfe8 21.c4 Bd6 22.Qf3 dxc4
23.Bxc4 h6 24.Kg2 Nf6 25.g5 hxg5 26.fxg5 Nd7 27.g6 Ne5 28.gxf7+ Nxf7 29.f6 Ra7
30.Bxf7+ Qxf7 31.Rxd6  1-0

[Event "EYCC Girls U14"]
[Site "Batumi GEO"]
[Date "2010.09.21"]
[Round "2"]
[White "Bellaiche,E"]
[Black "Chachia,Mariam"]
[Result "1-0"]
[WhiteElo "1891"]
[BlackElo "1655"]

1.e4 d6 2.d4 Nf6 3.Nc3 e5 4.dxe5 dxe5 5.Qxd8+ Kxd8 6.Be3 Nbd7 7.O-O-O Bd6
8.f3 a6 9.Nge2 Ke7 10.Ng3 Nf8 11.Bg5 c6 12.Na4 Bc7 13.Be3 Be6 14.Bc5+ Ke8
15.Nb6 Bxb6 16.Bxb6 N6d7 17.Bc7 Rc8 18.Bd6 g6 19.Bd3 c5 20.c4 Rc6 21.Be2 f6
22.Nf1 Bf7 23.Bxf8 Nxf8 24.Ne3 Ne6 25.Rd2 Nd4 26.Nd5 b5 27.Kb1 Bxd5 28.cxd5 Rd6
29.Rc1 c4 30.f4 Rf8 31.Rf1 Ke7 32.Bd1 b4 33.Rdf2 exf4 34.Rxf4 f5 35.exf5 Rxf5
36.Re1+ Ne6 37.Rxf5 gxf5 38.Rxe6+ Rxe6 39.dxe6 Kxe6  1-0

[Event "EYCC Girls U16"]
[Site "Batumi GEO"]
[Date "2010.09.21"]
[Round "2"]
[White "Lach,A"]
[Black "Unapkoshvili,N"]
[Result "1-0"]
[WhiteElo "2206"]
[BlackElo "1974"]

1.e4 d6 2.d4 Nf6 3.Nc3 e5 4.Nf3 Nbd7 5.g4 Nxg4 6.Rg1 Ngf6 7.Bc4 h6 8.dxe5 dxe5
9.Be3 c6 10.Qd3 Qc7 11.Bxf7+ Kxf7 12.Qc4+ Ke7 13.Nh4 Kd8 14.Ng6 Rg8 15.O-O-O Bd6
16.Qe6 Re8 17.Qxd6 Qxd6 18.Rxd6 Kc7 19.Rd2 Nb6 20.Nxe5 g5 21.Bc5 Be6 22.Bd6+ Kc8
23.b3 Nbd7 24.Ng6 b5 25.f4 gxf4 26.Nxf4 a5 27.e5 Nh7 28.Nxe6 Rxe6 29.Rg8+ Kb7
30.Nb1  1-0

[Event "DDS GM"]
[Site "Borovo CRO"]
[Date "2010.09.21"]
[Round "4"]
[White "Lazic,Mir"]
[Black "Goric,E"]
[Result "1-0"]
[WhiteElo "2502"]
[BlackElo "2365"]

1.e4 d6 2.d4 Nf6 3.Nc3 Nbd7 4.h3 g6 5.Be3 Bg7 6.Nge2 O-O 7.g4 e5 8.Bg2 exd4
9.Bxd4 Re8 10.O-O c6 11.a4 Qc7 12.Ng3 Nf8 13.g5 N6d7 14.Bxg7 Kxg7 15.Qd2 Ne6
16.Rad1 f6 17.h4 fxg5 18.hxg5 Rf8 19.Nce2 Ne5 20.f4 Nf7 21.Nd4 Qb6 22.c3 Nxd4
23.cxd4 Kg8 24.Kh1 Bg4 25.Rde1 Qd8 26.Bf3 Bh3 27.Rf2 Qd7 28.f5 gxf5 29.Nh5 Kh8
30.Rh2 fxe4 31.Nf6 Qf5 32.Bxe4 Qxg5 33.Rxh3 Qxf6 34.Rxh7+ Kg8 35.Rg1+  1-0